000 00531nam a2200133Ia 4500
005 20260209120147.0
008 260209s9999||||xx |||||||||||||| ||und||
100 _aAditya Bhushan Singh
245 0 _aEqual reservation unequal impact : a socio-legal study of intra-categorical success of affirmative action policy
260 _aBangaloreBangalore
_bNLSIU, Bangalore
_c2023
300 _a53 p. ; 25 cm.
700 _aDr. Ashna Singh - SupervisorDr. Ashna Singh - Supervisor
856 _uhttps://dans.nls.ac.in/handle/123456789/1180
999 _c217574
_d217574